|
|
|
|
| LEADER |
01087ppm a22002418a 4500 |
| 001 |
00046396 |
| 005 |
20210127090142.0 |
| 008 |
170228s2013 ||||||Viesd |
| 041 |
0 |
# |
|a Vie
|
| 082 |
1 |
4 |
|a 338.095 979 5
|b C455NGH
|
| 100 |
1 |
# |
|a Lê, Ngọc Thái
|
| 245 |
0 |
0 |
|a Công nghiệp Kiên Giang từ năm 1986 đến năm 2016
|b Luận văn thạc sĩ Khoa học Lịch sử. Chuyên ngành: Lịch sử Việt Nam. Mã số: 8.22.90.13
|c Lê Ngọc Thái; Nguyễn Trọng Minh (hướng dẫn)
|
| 260 |
# |
# |
|b Đại học Đồng Tháp
|c 2020
|a Đồng Tháp
|
| 300 |
# |
# |
|a 122 tr. + phụ lục
|c 30 cm.
|e 1 bản tóm tắt
|
| 500 |
# |
# |
|a ĐTTS ghi: Bộ giáo dục và đào tạo. Trường Đại học Đồng Tháp
|
| 653 |
# |
# |
|a Công nghiệp
|
| 653 |
# |
# |
|a Kiên Giang
|
| 653 |
# |
# |
|a Luận văn
|
| 653 |
# |
# |
|a Lịch sử
|
| 700 |
1 |
# |
|a Trần, Thuận
|e Hướng dẫn
|
| 852 |
# |
# |
|j LV.0002113
|
| 910 |
# |
# |
|d 26/01/2021
|
| 980 |
# |
# |
|a Trung tâm Học liệu Lê Vũ Hùng, Trường Đại học Đồng Tháp
|